| 000 | 01355nam a22003737a 4500 | ||
|---|---|---|---|
| 999 |
_c1255 _d1255 |
||
| 001 | 003704 | ||
| 003 | CoMeUDC003704 | ||
| 005 | 20190218212818.0 | ||
| 008 | 130821s2010 sp ao gr spa | ||
| 020 |
_a9788496998407 _cObra Completa |
||
| 020 |
_a9788496998421 _cV.3 |
||
| 040 |
_aCo-BoUCM _bspa _cCoMeUDC |
||
| 041 | 0 | 0 | _aspa |
| 082 | 0 | 4 | _a658.9 L979p |
| 100 | 1 | _aLutz, Richard J. | |
| 245 | 1 | 0 |
_aPosicionamiento de marca: _baplicación de conceptos de marketing estratégico / _cRichard J. Lutz y Barton A. Weitz |
| 260 |
_aBarcelona: _bProfit Editorial, _c2010. |
||
| 300 |
_a110 p.: _bil. col.; _c22 cm. |
||
| 490 | 0 |
_aCurso de MBA _v3 |
|
| 500 | _aIncluye índice | ||
| 500 | _aUna obra en la que participan los más prestigiosos profesores de las escuelas de negocios de: Darden, Stanford, Wharton, M.I.T., Chicago, N.Y.U., Columbia, Kellogg y Warrington, entre otras. | ||
| 546 | _aEspañol | ||
| 650 | 0 | 4 |
_aAdministración de empresas _9435 |
| 650 | 0 | 4 |
_aAdministración de mercadeo _98558 |
| 650 | 0 | 4 |
_aMarcas de fábrica _918980 |
| 650 | 0 | 4 |
_aPlanificación estratégica _921662 |
| 650 | 0 | 4 | _aPosicionamiento (Publicidad) |
| 700 | 1 |
_aDomingo, Susana _erev. |
|
| 700 | 1 |
_aGanzinelli, Carlos _eed. |
|
| 700 | 1 |
_aNavarro, Peter _eed. |
|
| 700 | 1 | _aWeitz, Barton A. | |
| 765 | 0 | _tWhat the best MBAs Know | |
| 942 |
_cBK _e1 _2ddc |
||